Nī varuvāy eṉa... / (Record no. 172735)

MARC details
000 -LEADER
fixed length control field 00843nam a22002537i 4500
005 - DATE AND TIME OF LATEST TRANSACTION
control field 20190521154415.0
008 - FIXED-LENGTH DATA ELEMENTS--GENERAL INFORMATION
fixed length control field 190521s2017 ii e 000 f tam d
020 ## - INTERNATIONAL STANDARD BOOK NUMBER
Qualifying information paperback
Terms of availability RM54.00
040 ## - CATALOGING SOURCE
Original cataloging agency PPAK
Language of cataloging eng
Transcribing agency PPAK
Description conventions rda
082 04 - DEWEY DECIMAL CLASSIFICATION NUMBER
Classification number 894.8113
Edition number 23
090 00 - LOCALLY ASSIGNED LC-TYPE CALL NUMBER (OCLC); LOCAL CALL NUMBER (RLIN)
Classification number (OCLC) (R) ; Classification number, CALL (RLIN) (NR) 894.8113
Feature heading PRE
Feature heading G
100 1# - MAIN ENTRY--PERSONAL NAME
Linkage 880-01
Personal name Prema,
Relator term author.
245 10 - TITLE STATEMENT
Linkage 880-02
Title Nī varuvāy eṉa... /
Statement of responsibility, etc. Pirēmā
264 #1 - PRODUCTION, PUBLICATION, DISTRIBUTION, MANUFACTURE, AND COPYRIGHT NOTICE
Linkage 880-03
Place of production, publication, distribution, manufacture Chennai :
Name of producer, publisher, distributor, manufacturer Aruṇōtayam,
Date of production, publication, distribution, manufacture, or copyright notice 2017
300 ## - PHYSICAL DESCRIPTION
Extent 412 pages ;
Dimensions 18 cm
336 ## - CONTENT TYPE
Source rdacontent
Content type term text
337 ## - MEDIA TYPE
Source rdamedia
Media type term unmediated
338 ## - CARRIER TYPE
Source rdacarrier
Carrier type term volume
650 10 - SUBJECT ADDED ENTRY--TOPICAL TERM
Topical term or geographic name entry element Tamil fiction
880 1# - ALTERNATE GRAPHIC REPRESENTATION
Linkage 100-01
a பிரேமா,
e author.
Linkage 245-02
a நீ வருவாய் என... /
c பிரேமா
Linkage 264-03
a சென்னை :
b அருணோதயம்,
c 2017
942 ## - ADDED ENTRY ELEMENTS (KOHA)
Source of classification or shelving scheme Dewey Decimal Classification
Koha item type Book
Holdings
Withdrawn Not for loan Current library Shelving location Date acquired Total Checkouts Full call number Barcode Date last seen Date last checked out Koha item type
    Perpustakaan Alor Setar Pinjaman Dewasa 28/05/2019 1 894.8113 PRE A01599273 19/06/2023 03/06/2023 Book
    Perpustakaan Kulim Pinjaman Dewasa 28/05/2019 4 894.8113 PRE A01599274 26/02/2024 14/02/2024 Book